| LEADER : 00000nam 2200000uu 4500 |
| 001 13399129193 |
| 003 ULIB |
| 008 260511s2568||||th 000 0 tha d |
| 020 ^ ^a9786166299410
|
| 060 0 ^aWY106^bว169ก
|
| 100 0 ^aวนิดา ดุรงค์ฤทธิชัย.
|
| 245 ^ ^aการพยาบาลอนามัยชุมชน :หลักการ แนวคิดและวิธีประยุกต์สู่การดูแลสุขภาพบุคคล ครอบครัวและชุมชน/^cวนิดา ดุรงค์ฤทธิชัย.
|
| 260 ^ ^aกรุงเทพฯ:^bสำนักพิมพ์จุฬาลงกรณ์มหาวิทยาลัย,^c2568.
|
| 300 ^ ^a669 หน้า
|
| 505 ^ ^aตำราการพยาบาลอนามัยชุมชนเล่มนี้แบ่งเป็น 6 ส่วน ^tส่วนที่ 1 ว่าด้วยระบบสุขภาพ ระบบบริการสาธารณสุขและระบบการดูแลสุขภาพชุมชน--^tส่วนที่ 2 คือบทบาทพยาบาลอนามัยชุมชน--^tส่วนที่ 3 คือกระบวนการพยาบาลอนามัยชุมชนที่ใช้เป็นเครื่องมือสำหรับปฏิบัติงานในชุมชนประกอบด้วยขั้นตอนต่างๆ--^tส่วนที่ 4 นำสู่การดำเนินการแก้ไขปัญหาสุขภาพชุมชนด้วยการเยี่ยมบ้าน การพยาบาลแบบครอบครัวเป็นศูนย์กลางการดูแล การดูแลต่อเนื่องครอบครัวที่มีสมาชิกเจ็บป่วยเรื้อรังและการดูแลแบบประคับประคอง--^tส่วนที่ 5 เป็นแนวทางการดำเนินงานแก้ไขปัญหาสุขภาพชุมชนในงานอนามัยโรงเรียน งานอาชีวอนามัยและงานอนามัยสิ่งแวดล้อม--^tส่วนที่ 6 แสดงถึงหลักการและแนวทางที่จะทำให้ใช้ยาอย่างสมเหตุสมผล และส่วนสุดท้ายเป็นการนำกฎหมาย จรรยาบรรณและจริยธรรมมาใช้ในการพยาบาลอนามัยชุมชนให้สอดคล้องกับบุคคล ครอบครัวและชุมชนอย่างมีประสิทธิภาพ.
|
| 650 ^ ^aการพยาบาลครอบครัว.
|
| 650 ^ ^aการพยาบาลอนามัยชุมชน.
|
| 999 ^aประนอม เกษจรัล
|